000 00694nam a2200133Ia 4500
008 171212s9999 xx 000 0 und d
020 _a9780833037404
100 _aKlitgaard, Robert;Light, Paul C.;Dumond, John
245 _cKlitgaard, Robert;Light, Paul C.;Dumond, John
_aHigh-Performance Government
_bStructure, Leadership, Incentives
260 _bRAND Corporation
_c2005
650 _aGovernment productivity -- United States; Political planning -- United States; Organizational change -- United States; Administrative agencies -- United States -- Reorganization; Executive departments -- United States -- Reorganization
650 _aLaw
856 _uwww.jstor.org/stable/10.7249/mg256prgs
999 _c352140
_d352140